| 000 | 00662nam a2200193Ii 4500 | ||
|---|---|---|---|
| 003 | JO-AjNU | ||
| 008 | 230605s9999||||xx |||||||||||||| ||und|| | ||
| 040 |
_aJO-AjNU _bara _erda _cJO-AjNU |
||
| 041 | _aara | ||
| 050 | 1 | 4 | _aPJ7507.T2 1985 |
| 100 | 3 |
_aتاليف طبانة، بدوي, _eauthor _942409 |
|
| 245 | 0 | 0 | _aالتيارات المعاصرة في النقد الأدبي |
| 264 | 3 | 1 | _aبيروت: دار الثقافة،1985 |
| 300 | _a463ص | ||
| 336 |
_atext _btxt _2rdacontent |
||
| 337 |
_aunmediated _bn _2rdamedia |
||
| 338 |
_avolume _bnc _2rdacarrier |
||
| 650 | 4 |
_aالتيارات المعاصرة-النقد الادبي -النقد _942410 |
|
| 999 |
_aA18157 _c21725 _d21725 |
||